| 000 | 00837 a2200229 4500 | ||
|---|---|---|---|
| 003 | Nust | ||
| 005 | 20221028193728.0 | ||
| 010 | _a 2001051338 | ||
| 020 | _a0130930830 (alk. paper) | ||
| 040 | _cNust | ||
| 082 | 0 | 0 | _a621.313,WIL |
| 100 | 1 |
_aWildi, Theodore _918392 |
|
| 245 | 1 | 0 |
_aElectrical machines, drives, and power systems / _cTheodore Wildi. |
| 250 | _a5th ed. | ||
| 260 |
_aUpper Saddle River, N.J. : _bPrentice Hall, _cc2002. |
||
| 300 |
_axix, 886 p. : _bill. ; _c25 cm. |
||
| 505 | _aPat 1: Fundamentals (Page -3), Part 2: Electrical Machines and Transformers (Page -71), Part 3: Electrical and Electronic Drives (Page -439), Part 4: Electric Utility Power Systems (Page -635). | ||
| 650 | 0 | _aElectric driving. | |
| 650 | 0 |
_aElectric machinery. _918388 |
|
| 650 | 0 |
_aElectric power systems. _918375 |
|
| 942 |
_2ddc _cBK |
||
| 999 |
_c180487 _d180487 |
||